Un conto alla rovescia complicato - Statistics

Statistiche generali
  • Questo quiz è stato fatto 381 volte
  • Il punteggio medio è 5 su 14
Statistiche sulle risposte
# % Corretto
93
100%
86
82%
79
70%
72
57%
65
44%
58
32%
51
24%
44
16%
37
10%
30
7%
2
5%
23
5%
16
4%
9
4%
Nessun quiz corrispondente trovato
Distribuzione punteggi
Percentuale di utenti per punteggio
Percentile per numero di risposta
I tuoi punteggi nel tempo
Non hai fatto questo quiz